000 00510nam a2200193Ia 4500
008 240509s9999 xx 000 0 und d
020 _a0008120312716
041 _aEng
082 _a005.131
082 _bM37
100 _aMISHRA K.L.P. : CHANDRASEKARAN
245 0 _aTHEORY OF COMPUTER SCIENCE (AUTOMATA, LANGUAGES AND COMPUTATION)
260 _bNEW DELHI : PRINTICE HALL
260 _c1998
300 _a304 p.
650 _aAUTOMATA : LANGUAGES : COMPUTATION :
942 _2ddc
942 _cRBK
999 _c21969
_d21969
945 _a1
_bMadushi Gamage
_c1
_dMadushi Gamage